000 00866nam a2200301 4500
001 01172065
003 DO-SdBNP
005 20240516092312.0
007 01172065
008 930725s1975 sp spa
017 _a
_b
020 _a8422606453
035 _a
040 _aBPMSU
_bspa
_cBPMSU
080 _a
082 4 _a813.3
_bM531m 1975
_222
100 1 _aMelville, Herman
_d1819-1891
245 1 0 _aMoby Dick /
_cHerman Melville ; Traducción José Antonio Vidal Sales /
_h
260 _aBarcelona :
_bCírculo de Lectores,
_c1975
300 _a239 p.;
_c20 cm.
490 0 _aCírculo de lectores
590 _aInventariado, 2024/VM
650 4 _aNovela juvenil estadounidense
650 4 _a Ballenas
_xNovela juvenil
700 1 _aVidal Sales, José Antonio
_etr.
910 _aVMateo V. Control de calidad. BPMSU
942 _2ddc
_cBK
999 _c10992
_d10992